00000000nam##2200000za#4500
0019.668118
003CaOODSP
00520220107103929
007ta
008150407|2006||||xxc|||||     f|0| 0 fre|d
020 |a0-662-49660-4
040 |aCaOODSP|bfre
041 |aeng
041 |afre
043 |an-cn---
0861 |aHP40-11/2006
1102 |aCentre de prévention et de contrôle des maladies infectieuses (Canada)
24510|aPoints saillants du Plan canadien de lutte contre la pandémie d'influenza pour le secteur de la santé : |bpréparation à une pandémie d'influenza : perspective canadienne de la santé
260 |aOttawa - Ontario : |bAgence de santé publique du Canada. |c2006.
300 |aTexte français, 18p. : |btableau ; |c20 cm.
563 |aCouverture souple
590 |a07-16|b2007-04-20
69107|aGrippe|2gcpds
7760#|tPoints saillants du Plan canadien de lutte contre la pandémie d'influenza pour le secteur de la santé : |w(CaOODSP)9.633403
7760#|tHighlights from the Canadian Pandemic Influenza Plan for the health sector : |w(CaOODSP)9.688983
791 |tHighlights from the Canadian Pandemic Influenza Plan for the health sector : |eeng|w(CaOODSP)9.668117